Datum a čas kvízu
16.5
Celkem bodů
Celkový počet nahraných bodů na tomto kvízu bez doplňovacích otázek.
4.
Pořadí na kvízu
Konečné umístění týmu na tomto kvízu.
Zaznamenané odpovědi
| # | Otázka | Odpověď | Body | Výsledky |
|---|---|---|---|---|
| 1. | Pirátská strana minulý týden u... | 0 | ||
| 2. | Ukrajinští umělci vytvořili po... | 1 | ||
| 3. | Ve čtvrtek přišel do kin celov... | 0 | ||
| 4. | Česká pošta od 1. února zvýšil... | 1 | ||
| 5. | V českém olympijském domě v Pc... | 0 | ||
| 6. | Toto téma jste si na facebooko... | 1 | ||
| 7. | Přiřaďte k sobě správně české... | 1 | ||
| 5. | Tenké střevo člověka se obecně... | 0 | ||
| 5. | Jak se jmenuje druhá největší... | 0 | ||
| 5. | Díky speciální metodě konzerva... | 0 |